| 000 | 00910cam a22002415a 4500 | ||
|---|---|---|---|
| 005 | 20091103014612.0 | ||
| 008 | 090911s2009 ii ab b 100 0 eng d | ||
| 010 | _aENG-95327 | ||
| 020 |
_a9788131305935 _c595.00 |
||
| 035 | _aEN-78860 | ||
| 037 | _aDBAD/PUB | ||
| 040 |
_aDPL _beng |
||
| 082 | _a362.76 | ||
| 100 | _aSuriyan, K. | ||
| 245 |
_aStreet children / _cby K. Suriyan |
||
| 260 |
_aNew Delhi : _bAPH Publishing Corporation _c2009. |
||
| 270 |
_a4435-36/7. Ansari road, Darya Ganj _bNew Delhi _e110002 |
||
| 300 |
_axii, 206p. _c22 cm. (Hb) |
||
| 520 | _aContributed articles. | ||
| 942 |
_2ddc _cEN _mSUR _h362.76 |
||
| 999 |
_c31375 _d31375 |
||